000 007200000a22002170004500
005 20081031112747.0
008 081031t xxu||||| |||| 00| 0 eng d
010 _aENG-84357
020 _a817880185X
020 _c500.00 (hb)
035 _aEN-67890
082 _a378
100 _aJha, Pawan Kumar
245 _aCommunication technologies in higher education /
_cy Pawan Kumar Jha
260 _aNew Delhi
_bRajat Publications
260 _c2005
300 _a268p
_c22cm
500 _aIncludes bibliographical references and index
942 _2ddc
_cEN
_h378
_mJHA
999 _c17691
_d17691